000 00786 a2200169 4500
003 Nust
005 20170207164715.0
040 _cNust
082 _a005.133
100 _aLafore, Robert
245 _aObject- oriented programming in C++
_cRobert Lafore.
250 _a3rd ed. /
300 _a924p
505 _aIntroduction 1 The Big Picture 9 C++ Programming Basics 29 Loops and Decisions 75 Structures 131 Functions 161 Objects and Classes 215 Arrays and Strings 263 Operator Overloading 319 Inheritance 371 Pointers 429 Virtual Functions 503 Streams and Files 567 Multifile Programs 633 Templates and Exceptions 681 The Standard Template Library 725 Object-Oriented Software Development 801
538 _aAlmirah no 5 and shelf no 6
650 _aObject- oriented programming in C++
942 _2ddc
_cBK
999 _c209738
_d209738